00703 2200277 4500001002100000005001700021008004100038020001800079035002400097082001100121090001800132100002500150245004200175250001600217260002700233300003000260440002800290650001700318850001300335980001300348985000600361986001300367999001500380999001500395999001500410YOGYA-0209000001704420090227022720.0 ind  a979-533-327-5 0010-020900000017044 a533.62 a533.62bWal D aWALUYO, Mokh. Slamet aDinamika terbangcMoch. Slamet Waluyo aEd.1, cet.1 aYogyakartabAndic1996 avii, 107 hlmbilusc23 cm aSeri teknik penerbangan aAerodinamika aYOPDYOGB a16-12-05 a3 afwhrtrev a99P0000222 a99P0000223 a99P0000224